000 00537nam a2200181Ia 4500
008 150610s9999 xx 000 0 und d
020 _a9780439873628
050 _aPZ7
_b.R9553Pai 2007
100 _aRyan, Pam Munoz
245 _aPaint the wind /
_cby Pam Ryan Munoz.
260 _aNew York :
_bScholastic Press,
_c2007.
300 _a327pages;
_c22 cm.
520 _aFiction.
650 _aFamily life-Wyoming
_xFiction.
650 _aOrphans
_bFiction.
650 _aRanch life-Wypming
_xFiction.
650 _aWild horses
_bFiction.
999 _c287966
_d287966